Régimen patrimonial en el matrimonio (Registro nro. 306403)

Detalles MARC
000 -ENCABEZADO
Número de control [NR] 01678nam a2200241Ia 4500
005 - FECHA Y HORA DE LA ÚLTIMA TRANSACCIÓN
control field 20170327142854.0
008 - DE LONGITUD FIJA DE DATOS DE ELEMENTOS - INFORMACIÓN GENERAL
Elementos de longitud fija [NR] 130821s1932 ck || |r 1 spa d
040 ## - FUENTE DE CATALOGACION [NR]
Agencia de catalogación original [NR] Co-BoUCM
Idioma de catalogación [NR] spa
Quien Cataloga Sandra Yazo
Quien Clasifica Sandra Yazo
041 ## - CODIGO DE IDIOMA [R]
Código de idioma para texto/pista de sonido o título separado [R] Español
082 04 - NUMERO DE CLASIFICACION DECIMAL DEWEY [R]
Número de clasificación [R] 346.04
Número de la edición [NR] 20
092 ## - SIGNATURA TOPOGRAFICA LOCAL
Número de clasificación local E43N031
100 1# - ASIENTO PRINCIPAL--NOMBRE PERSONAL [NR]
Nombre personal [NR] Latorre U, Luis F
ID Autoridad 84889
245 10 - MENCION DE TITULO [NR]
Título [NR] Régimen patrimonial en el matrimonio
Parte restante del título [NR] proceso de la ley 28 de 1932 y comentarios
Mención de responsabilidad, etc. [NR] por Luis F. Latorre U.
260 ## - PUBLICACION, DISTRIBUCION, ETC. (PIE DE IMPRENTA) [R]
Lugar de publicación, distribución, etc. [R] Bogotá (Colombia)
Nombre del editor, distribuidor, etc. [R] Imprenta Nacional
Fecha de publicación, distribución, etc. [R] 1932
300 ## - DESCRIPCION FISICA [R]
Extensión [R] 267 páginas
Dimensiones [R] 24 x 17 cm.
500 ## - NOTA GENERAL [R]
Nota general [NR] Detalles físicos: Encuadernación rígida (holandesa) en cartón forrado en papel jaspeado. Lomo de tela con adornos en dorado. Guardas. Hoja de cortesía. Portada impresa en una sola tinta. Texto impreso en una columna. Índice
505 0# - NOTA DE CONTENIDO CON FORMATO PREESTABLECIDO [R]
Nota de contenido con formato preestablecido [NR] Mensajes del Presidente Olaya Herrera ; Proyecto de Ley sobre “reformas civiles (régimen patrimonial en el matrimonio) / Luis F. Latorre ; Concepto y modificaciones propuestas / Dr. Félix Cortés ; Exposición de Motivos, Informe de Mayoría (Comisión de Legislación Civil) en la Cámara ; Informe de minoría ; Mensaje Presidencial ; Discursos de Representantes al respecto ; Modificaciones propuestas ; Necesidad de la liberación patrimonial de la mujer casada ; Memoriales de diversos grupos de mujeres ; Texto del Proyecto de Ley ; Ley 28 de 1932, comentada por Luis F. Latorre ; Disposiciones derogadas por esta Ley
506 ## - NOTA DE RESTRICCIONES DE ACCESO [R]
Condiciones de acceso [NR] Consulta en sala
650 #7 - ASIENTO SECUNDARIO DE MATERIA - TERMINO TEMATICO [R]
Término temático o nombre geográfico como elemento de entrada [NR] Derecho civil
Subdivisión geográfica [R] Colombia
9 (RLIN) 34616
650 #7 - ASIENTO SECUNDARIO DE MATERIA - TERMINO TEMATICO [R]
Término temático o nombre geográfico como elemento de entrada [NR] Matrimonio
Subdivisión general [R] Legislación
Subdivisión geográfica [R] Colombia
9 (RLIN) 41686
650 #7 - ASIENTO SECUNDARIO DE MATERIA - TERMINO TEMATICO [R]
Término temático o nombre geográfico como elemento de entrada [NR] Patrimonio
Subdivisión general [R] Legislación
Subdivisión geográfica [R] Colombia
9 (RLIN) 21181
942 ## - ELEMENTOS DE ENTRADA AGREGADOS (KOHA)
Tipo de ítem principal el descrito en 300a Libro
Tema principal 8
Edición 1
Parte restante de la signatura top. L17
Sistema de clasificación LOCAL
Clasificación E43N031
Existencias
Suprimido Perdido Sistema de clasificación Dañado No prestable Tipo de ítem específico Ubicación habitual Ubicación actual Localización Fecha de creación Forma de adquisición Costo Total préstamos Signatura topográfica Código de barras Última vez visto Ejemplar Price effective from Tipo de ítem
    LOCAL     Libro archivo Archivo Histórico Archivo Histórico Archivo histórico 27/03/2017 Donación 0.00   E43N031 L006244 27/03/2017 Ej.1 27/03/2017 Libro